00429nam a2200133Ia 4500008004100000040001100041050001100052100001700063245011400080260004500194300001900239500001900258650001800277 1954nyua dr| | 1 ||eng|d aABU,Za aQC 792 aDean, Gordon 0aReport on the atom:bwhat you should know about the Atomic Energy Program of the United States /cGordon Dean aNew York :bAlfred A Knopf,c1953( 1954) avii,321p.:ill. aIncludes Index aAtomic energy